Statistics for Premier League 2022/23 Players by Name - B

Click here to take the quiz!

General Stats

  • This quiz has been taken 60 times
  • The average score is 16 of 30

Answer Stats

ClubNationPositionPlayer% Correct
Tottenham HotspurUruguayMFRodrigo Bentancur
89%
West Ham UnitedAlgeriaFWSaid Benrahma
86%
ChelseaAlbaniaFWArmando Broja
81%
Leicester CityEnglandFWHarvey Barnes
81%
Aston VillaJamaicaFWLeon Bailey
78%
Tottenham HotspurMaliMFYves Bissouma
78%
SouthamptonPolandDFJan Bednarek
73%
Leeds UnitedEnglandFWPatrick Bamford
73%
Newcastle UnitedNetherlandsDFSven Botman
73%
EvertonBosnia-HerzegovinaGKAsmir Begovic
70%
ChelseaFranceDFBenoit Badiashile
65%
West Ham UnitedEnglandFWJarrod Bowen
62%
Newcastle UnitedEnglandDFDan Burn
59%
Aston VillaArgentinaMFEmiliano Buendia
59%
LiverpoolSpainMFStefan Bajcetic
59%
Nottingham ForestIvory CoastDFWilly Boly
59%
SouthamptonIrelandGKGavin Bazunu
57%
BournemouthDenmarkMFPhilip Billing
57%
SouthamptonGermanyDFArmel Bella-Kotchap
54%
ChelseaEnglandGKMarcus Bettinelli
49%
Manchester UnitedEnglandGKJack Butland
43%
BournemouthWalesMFDavid Brooks
35%
WolvesSpainDFHugo Bueno
32%
Brighton & Hove AlbionArgentinaMFFacundo Buonanotte
30%
BrentfordGrenadaMFShandon Baptiste
30%
WolvesEnglandGKDaniel Bentley
27%
Nottingham ForestFranceDFGiulian Biancone
22%
Leicester CityEnglandDFRyan Bertrand
22%
SouthamptonEnglandDFJames Bree
8%
Crystal PalaceNorthern IrelandDFKofi Balmer
3%

Score Distribution

Percentile by Number Answered

Percent of People with Each Score

Your Score History

You have not taken this quiz